Writings of Nostradamus : (Record no. 986)
[ view plain ]
| 000 -LEADER | |
|---|---|
| fixed length control field | 00576nam a2200181 a 4500 |
| 005 - DATE AND TIME OF LATEST TRANSACTION | |
| control field | 20260322212042.0 |
| 008 - FIXED-LENGTH DATA ELEMENTS--GENERAL INFORMATION | |
| fixed length control field | data |
| 020 ## - INTERNATIONAL STANDARD BOOK NUMBER | |
| International Standard Book Number | 9781440460241 (pbk.) |
| 092 ## - LOCALLY ASSIGNED DEWEY CALL NUMBER (OCLC) | |
| Classification number | 133.3 Nos 2008 |
| 001 - CONTROL NUMBER | |
| control field | data |
| 100 1# - MAIN ENTRY--PERSONAL NAME | |
| Personal name | Nostradamus, |
| Dates associated with a name | 1503-1566. |
| 245 10 - TITLE STATEMENT | |
| Title | Writings of Nostradamus : |
| Remainder of title | the complete prophecies for the future, past and present including the almanacs / |
| Statement of responsibility, etc. | Nostradamus & Michel de Nostradamus. |
| 260 ## - PUBLICATION, DISTRIBUTION, ETC. | |
| Name of publisher, distributor, etc. | [S.l. : s.n.], |
| Date of publication, distribution, etc. | 2008. |
| 300 ## - PHYSICAL DESCRIPTION | |
| Extent | 154 p. ; |
| Other physical details | 26 cm. |
| 650 #0 - SUBJECT ADDED ENTRY--TOPICAL TERM | |
| Topical term or geographic name entry element | Prophecies (Occultism) |
| 650 #0 - SUBJECT ADDED ENTRY--TOPICAL TERM | |
| Topical term or geographic name entry element | Astrology and psychology |
| 700 1# - ADDED ENTRY--PERSONAL NAME | |
| Personal name | Nostradamus, Michel de |
| Withdrawn status | Lost status | Damaged status | Not for loan | Home library | Current library | Shelving location | Date acquired | Total checkouts | Full call number | Barcode | Date last seen | Price effective from | Koha item type |
|---|---|---|---|---|---|---|---|---|---|---|---|---|---|
| Franklin | Franklin | General stacks | 22/03/2026 | GEN | BC0011019 | 22/03/2026 | 22/03/2026 | Books |